ბათუმის შოთა რუსთაველის სახელმწიფო უნივერსიტეტის ბიბლიოთეკა

Производство технологического газа для аммиака и метанола из углеводородных газов. (ბიბ.ჩანაწერი № 38249)

000 -LEADER
fixed length control field 00857nam a2200217Ia 4500
001 - CONTROL NUMBER
control field 4239
003 - CONTROL NUMBER IDENTIFIER
control field GE_BSU
008 - FIXED-LENGTH DATA ELEMENTS--GENERAL INFORMATION
fixed length control field 181216s||||||||xx |||||||||||||| ||und||
040 ## - CATALOGING SOURCE
Transcribing agency GE_BSU
080 ## - UNIVERSAL DECIMAL CLASSIFICATION NUMBER
Universal Decimal Classification number 661.248
100 ## - MAIN ENTRY--PERSONAL NAME
Personal name Лейбуш,А.Г. Семенов,В.П. Казарновский,Я.С. Кархов,Н.В.
245 ## - TITLE STATEMENT
Title Производство технологического газа для аммиака и метанола из углеводородных газов.
245 ## - TITLE STATEMENT
Statement of responsibility, etc. Ред. Р.Е. Миневич.
260 ## - PUBLICATION, DISTRIBUTION, ETC.
Place of publication, distribution, etc. М.
260 ## - PUBLICATION, DISTRIBUTION, ETC.
Name of publisher, distributor, etc. Химия.
260 ## - PUBLICATION, DISTRIBUTION, ETC.
Date of publication, distribution, etc. 1971.
300 ## - PHYSICAL DESCRIPTION
Extent 288 стр. 18 см.
300 ## - PHYSICAL DESCRIPTION
Accompanying material 109 рис. 75 табл.
653 ## - INDEX TERM--UNCONTROLLED
Uncontrolled term Производство технологического газа для аммиака и метанола из углеводородных газов.
942 ## - ADDED ENTRY ELEMENTS (KOHA)
Koha item type წიგნი
ეგზემპლარები
Withdrawn status Lost status Damaged status Not for loan Date acquired Barcode Date last seen Price effective from Koha item type Public note
        2018-12-17 9432 2018-12-17 2018-12-17 წიგნი საცავი